Personagens de Apenas um Show - Statistics

Estatísticas Gerais
  • Esse quiz foi jogado 215 vezes
  • A pontuação média é 10 de 14
Estatísticas das Respostas
Hint Resposta % Correto
Personagem principal 1 Mordecai
100%
Gerente do parque Benson
99%
Personagem principal 2 Rigby
98%
Aquele que fala "Minha mãe!" Musculoso
93%
Filho do chefe do parque Pairulito
93%
O faz-tudo do parque Saltitão
91%
Amigo do que fala "Minha mãe!" Fantasmão
86%
Primeira namorada do personagem principal 1 Margaret
81%
Principal veículo usado pelos personagens principais Carrinho
78%
Segunda namorada do personagem principal 1 CJ
69%
Namorada do personagem principal 2 Eileen
40%
Irmão do personagem principal 2 Don
36%
Chefe do parque Sr Maellard
15%
Dupla de filmes de ação/comédia Carter e Briggs
14%
Nenhum quiz correspondente encontrado
Distribuição das Pontuações
Porcentagem de Pessoas com Cada Pontuação
Percentil de Números Respondidos
Sua Pontuação Histórica
Você não jogou esse quiz